[Event "SV Erkenschwick 1 - SG Porz 1"]
[Site "Oberliga NRW 2018/2019"]
[Date "2019.04.14"]
[Round "8.2"]
[White "Willemze, Thomas"]
[Black "Lutz, Christopher"]
[Result "0-1"]
[WhiteElo "2368"]
[BlackElo "2490"]
[PlyCount "78"]
[EventDate "2019.??.??"]
[WhiteTeam "SV Erkenschwick 1"]
[BlackTeam "SG Porz 1"]

1. e4 c5 2. Nc3 e6 3. Nf3 Nc6 4. d4 cxd4 5. Nxd4 a6 6. g3 d6 7. Bg2 Bd7 8. O-O
Nf6 9. Re1 Be7 10. Nxc6 Bxc6 11. e5 dxe5 12. Bxc6+ bxc6 13. Qf3 Nd5 14. Rxe5
O-O 15. Re2 Nxc3 16. Qxc3 Bf6 17. Qe1 Qd5 18. c3 Rfd8 19. Bf4 Qf5 20. Qb1 Rd3
21. Rd2 Rad8 22. Rxd3 Rxd3 23. Qf1 h5 24. h4 e5 25. Be3 e4 26. Re1 Be5 27. Qe2
Qh3 28. Qf1 Qe6 29. a3 g6 30. Kg2 Qd5 31. Qe2 f5 32. Kg1 Bd6 33. Qc2 Qc4 34.
Kg2 Kh7 35. Rd1 Bxg3 36. fxg3 Rxe3 37. Rd7+ Kh6 38. Rd2 f4 39. gxf4 Qe6 0-1

[Event "SV Erkenschwick 1 - SG Porz 1"]
[Site "Oberliga NRW 2018/2019"]
[Date "2019.04.14"]
[Round "8.3"]
[White "Rotstein, Arkadij"]
[Black "Erwich, Marc"]
[Result "1-0"]
[WhiteElo "2406"]
[BlackElo "2265"]
[PlyCount "119"]
[EventDate "2019.??.??"]
[WhiteTeam "SG Porz 1"]
[BlackTeam "SV Erkenschwick 1"]

1. c4 e5 2. Nc3 Nf6 3. Nf3 Nc6 4. a3 g6 5. g3 Bg7 6. Bg2 O-O 7. O-O d6 8. d3 a5
9. Rb1 Bg4 10. h3 Bd7 11. b4 axb4 12. axb4 Ne7 13. Bb2 Re8 14. Qc2 Qc8 15. Kh2
Nf5 16. e4 Ne7 17. Ra1 Nc6 18. b5 Na5 19. Nd2 c6 20. bxc6 bxc6 21. c5 Nb7 22.
Nc4 Rxa1 23. Bxa1 Qc7 24. cxd6 Nxd6 25. Na4 Nb5 26. Nc5 Bc8 27. Qd2 Nd7 28.
Nxd7 Bxd7 29. f4 exf4 30. Qxf4 Qxf4 31. gxf4 Nd4 32. e5 c5 33. Bxd4 cxd4 34.
Bd5 Be6 35. Bxe6 fxe6 36. Kg3 Bh6 37. Nd6 Rb8 38. Ne4 Rb3 39. Rd1 Bf8 40. Ng5
Rb6 41. Rc1 h6 42. Ne4 Rb3 43. Nf2 Rc3 44. Rb1 g5 45. fxg5 hxg5 46. Kf3 Rc2 47.
Rg1 Kf7 48. Rxg5 Bh6 49. Rg4 Be3 50. Ne4 Rh2 51. h4 Rh1 52. Nd6+ Ke7 53. Nc4
Rf1+ 54. Ke4 Bf2 55. Rf4 Re1+ 56. Kf3 Be3 57. Re4 Rf1+ 58. Kg2 Rg1+ 59. Kh2 Bf2
60. Re2 1-0

[Event "SV Erkenschwick 1 - SG Porz 1"]
[Site "Oberliga NRW 2018/2019"]
[Date "2019.04.14"]
[Round "8.4"]
[White "Erwich, Frank"]
[Black "Xu, Xianliang"]
[Result "1/2-1/2"]
[WhiteElo "2324"]
[BlackElo "2476"]
[PlyCount "59"]
[EventDate "2019.??.??"]
[WhiteTeam "SV Erkenschwick 1"]
[BlackTeam "SG Porz 1"]

1. e4 c5 2. Nf3 d6 3. Bb5+ Bd7 4. Bxd7+ Qxd7 5. c4 Nf6 6. Nc3 Nc6 7. d4 cxd4 8.
Nxd4 g6 9. f3 Nxd4 10. Qxd4 Bg7 11. O-O O-O 12. Bg5 h6 13. Bh4 Rfc8 14. Rac1 g5
15. Bg3 Nh5 16. Qd3 Nxg3 17. hxg3 a6 18. Nd5 b5 19. Kh2 Qb7 20. b3 e6 21. Ne3
Rc6 22. Rc2 Rac8 23. Rfc1 Qb6 24. cxb5 axb5 25. a4 Rxc2 26. Rxc2 Rxc2 27. Nxc2
bxa4 28. bxa4 Be5 29. Ne3 Qa5 30. Qd1 1/2-1/2

[Event "SV Erkenschwick 1 - SG Porz 1"]
[Site "Oberliga NRW 2018/2019"]
[Date "2019.04.14"]
[Round "8.5"]
[White "Korotkjevich, Stanislav"]
[Black "Van Beek, Alexander"]
[Result "1-0"]
[WhiteElo "2350"]
[BlackElo "2269"]
[PlyCount "163"]
[EventDate "2019.??.??"]
[WhiteTeam "SG Porz 1"]
[BlackTeam "SV Erkenschwick 1"]

1. d4 Nf6 2. Nf3 g6 3. Bf4 Bg7 4. e3 O-O 5. Be2 d6 6. h3 c5 7. O-O b6 8. a4
Nbd7 9. Nbd2 Bb7 10. c3 Qc7 11. Bh2 Rad8 12. a5 bxa5 13. Qa4 Rb8 14. Nc4 Nb6
15. Qxa5 Bxf3 16. gxf3 cxd4 17. cxd4 Qc8 18. Nd2 Nbd5 19. Rfb1 Qxh3 20. Qxa7
Qc8 21. Rc1 Qe6 22. Qa3 Rb7 23. Rc2 Rfb8 24. Rac1 Qd7 25. Qa1 Nb4 26. Rc4 h5
27. b3 Kh7 28. Qa4 Qf5 29. Rc7 Nd3 30. Rxb7 Rxb7 31. Rc3 Qg5+ 32. Bg3 Nb4 33.
Qa8 Rb6 34. f4 Qf5 35. Qc8 Qa5 36. Bf1 Qa1 37. Nf3 Ne4 38. Rc1 Qb2 39. f5 d5
40. Rc7 gxf5 41. Qxf5+ Rg6 42. Nh4 Nd6 43. Qxh5+ Rh6 44. Qg4 Bf6 45. Nf5 Nxf5
46. Qxf5+ Kg7 47. Qg4+ Rg6 48. Qh3 Qxb3 49. Rc8 Rh6 50. Qd7 Rg6 51. Kh2 Rh6+
52. Bh3 Qd1 53. Kg2 Qb1 54. Qg4+ Rg6 55. Qh5 Rh6 56. Bf5 Rxh5 57. Bxb1 Rh8 58.
Rc7 Ra8 59. Bf5 Ra6 60. Bd7 Ra2 61. Kf3 Rc2 62. Rxc2 Nxc2 63. Ke2 Na3 64. Kd3
Nc4 65. Bb5 Nb6 66. Bc7 Nc8 67. Bd7 Nd6 68. Bc6 Nf5 69. Bxd5 e6 70. Bb7 Kf8 71.
Bb6 Ke7 72. e4 Ng7 73. Bc6 Bh4 74. Bc5+ Kd8 75. Ke3 Ne8 76. f3 Nc7 77. Kf4 Be7
78. Bb6 Kc8 79. Ke5 f6+ 80. Kf4 Bd8 81. Kg4 Na6 82. Bb7+ 1-0

[Event "SV Erkenschwick 1 - SG Porz 1"]
[Site "Oberliga NRW 2018/2019"]
[Date "2019.04.14"]
[Round "8.6"]
[White "Langers, Alexander"]
[Black "Malykin, Vitaly"]
[Result "1/2-1/2"]
[WhiteElo "2206"]
[BlackElo "2296"]
[PlyCount "52"]
[EventDate "2019.??.??"]
[WhiteTeam "SV Erkenschwick 1"]
[BlackTeam "SG Porz 1"]

1. e4 g6 2. d4 Bg7 3. Nf3 d6 4. Bc4 e6 5. O-O Ne7 6. Bg5 h6 7. Be3 d5 8. exd5
exd5 9. Bb5+ c6 10. Bd3 O-O 11. Qd2 Kh7 12. Nc3 Nd7 13. Rae1 Nf6 14. Ne5 Bf5
15. Ne2 Bxd3 16. Qxd3 Ne4 17. f3 Nd6 18. Kh1 Nef5 19. Bf2 Re8 20. Nf4 Qg5 21.
g3 Kg8 22. Re2 Nxd4 23. Nxf7 Kxf7 24. Bxd4 Bxd4 25. Rxe8 Rxe8 26. Qxd4 Qf6
1/2-1/2

[Event "SV Erkenschwick 1 - SG Porz 1"]
[Site "Oberliga NRW 2018/2019"]
[Date "2019.04.14"]
[Round "8.7"]
[White "Pauly, Carlo"]
[Black "Homs, Guust"]
[Result "1-0"]
[WhiteElo "2299"]
[BlackElo "2186"]
[PlyCount "45"]
[EventDate "2019.??.??"]
[WhiteTeam "SG Porz 1"]
[BlackTeam "SV Erkenschwick 1"]

1. d4 d5 2. c4 e6 3. Nc3 Nf6 4. cxd5 exd5 5. Bg5 Be7 6. e3 Nbd7 7. Bd3 O-O 8.
Nge2 b6 9. O-O Bb7 10. Rc1 a6 11. Ng3 g6 12. h4 h5 13. Qc2 Kg7 14. Nce2 c5 15.
Nf4 Ne4 16. Nfxh5+ Kh8 17. Bxe4 dxe4 18. dxc5 gxh5 19. c6 Rc8 20. Qxe4 Bxc6 21.
Rxc6 Rxc6 22. Qxc6 f6 23. Rd1 1-0

[Event "SV Erkenschwick 1 - SG Porz 1"]
[Site "Oberliga NRW 2018/2019"]
[Date "2019.04.14"]
[Round "8.8"]
[White "Krings, Christoph"]
[Black "Wagenknecht, Uwe"]
[Result "1-0"]
[WhiteElo "2143"]
[BlackElo "2165"]
[PlyCount "85"]
[EventDate "2019.??.??"]
[WhiteTeam "SV Erkenschwick 1"]
[BlackTeam "SG Porz 1"]

1. d4 Nf6 2. Nf3 g6 3. c4 Bg7 4. Nc3 d6 5. e4 O-O 6. Be2 e5 7. O-O Nc6 8. d5
Ne7 9. Ne1 Nd7 10. Be3 f5 11. f3 Nf6 12. a4 f4 13. Bf2 g5 14. a5 Rf7 15. c5 Ne8
16. c6 bxc6 17. dxc6 Be6 18. Qa4 Nf6 19. b4 g4 20. fxg4 Nxg4 21. b5 Nxf2 22.
Rxf2 f3 23. Bc4 Qc8 24. Rxf3 Rxf3 25. Nxf3 Bh6 26. Qb3 Be3+ 27. Kh1 Bxc4 28.
Qxc4+ Kh8 29. Re1 Bh6 30. Qf7 Qf8 31. Qxf8+ Rxf8 32. Rd1 Rb8 33. Kg1 Be3+ 34.
Kf1 h6 35. Ke2 Bc5 36. Rb1 a6 37. b6 cxb6 38. c7 Rb7 39. Nd5 Nc8 40. axb6 Kg7
41. Nd2 Kf7 42. Nc4 Ke6 43. Ra1 1-0

[Event "SV Wattenscheid 1 - SF Gerresheim 1"]
[Site "Oberliga NRW 2018/2019"]
[Date "2019.04.14"]
[Round "8.1"]
[White "Dresen, Ulrich"]
[Black "Koscielski, Janusz"]
[Result "1/2-1/2"]
[WhiteElo "2202"]
[BlackElo "2249"]
[PlyCount "117"]
[EventDate "2019.??.??"]
[WhiteTeam "SF Gerresheim 1"]
[BlackTeam "SV Wattenscheid 1"]

1. d4 Nf6 2. Bg5 d5 3. e3 c5 4. c3 Qb6 5. Qb3 c4 6. Qxb6 axb6 7. Nd2 b5 8. g3
Nbd7 9. Bg2 e6 10. Ne2 b4 11. O-O h6 12. Bxf6 Nxf6 13. e4 Bd7 14. exd5 exd5 15.
Rfe1 Kd8 16. Nf1 Bc6 17. Ne3 Kc7 18. Nf4 bxc3 19. bxc3 Ra5 20. Bf3 g6 21. Nfg2
Bd6 22. Ng4 Nxg4 23. Bxg4 Rha8 24. Re2 Ra3 25. Rc2 b5 26. Ne3 Be7 27. Bf3 Kd6
28. Kg2 h5 29. h4 Bf6 30. g4 hxg4 31. Nxg4 Bxh4 32. Ne5 Be8 33. Rh1 Bg5 34. Rh7
R3a7 35. Re2 Rxa2 36. Rxa2 Rxa2 37. Nxf7+ Bxf7 38. Rxf7 b4 39. Rg7 Be3 40.
Rxg6+ Kd7 41. Bxd5 bxc3 42. Bxc4 Rxf2+ 43. Kg3 Rb2 44. Be6+ Ke7 45. Bf5 c2 46.
Bxc2 Rxc2 47. d5 Bc5 48. Rc6 Bd6+ 49. Kf3 Ra2 50. Ke4 Ra4+ 51. Kd3 Kd7 52. Rc4
Ra1 53. Rg4 Rd1+ 54. Ke4 Re1+ 55. Kd3 Be7 56. Rg6 Rf1 57. Re6 Bf6 58. Ra6 Rd1+
59. Ke2 1/2-1/2

[Event "SV Wattenscheid 1 - SF Gerresheim 1"]
[Site "Oberliga NRW 2018/2019"]
[Date "2019.04.14"]
[Round "8.2"]
[White "Schiffer, Kai-Uwe"]
[Black "Volkov, Mykyta"]
[Result "1-0"]
[WhiteElo "2265"]
[BlackElo "2150"]
[PlyCount "81"]
[EventDate "2019.??.??"]
[WhiteTeam "SV Wattenscheid 1"]
[BlackTeam "SF Gerresheim 1"]

1. e4 e6 2. d4 d5 3. Nc3 Nf6 4. e5 Nfd7 5. f4 c5 6. Nf3 Nc6 7. Be3 a6 8. Qd2
Be7 9. dxc5 Nxc5 10. O-O-O Qa5 11. Kb1 Bd7 12. Qf2 Rc8 13. Bd3 Nb4 14. Nd4 Na4
15. Nxa4 Qxa4 16. a3 Nxd3 17. Rxd3 O-O 18. Nb3 Qc4 19. Rc3 Qb5 20. Bc5 Bxc5 21.
Rxc5 Rxc5 22. Nxc5 Qb6 23. Qd4 Bb5 24. Nb3 Qc7 25. Qd2 Bd7 26. Nd4 b5 27. Re1
a5 28. Re3 Qb6 29. g4 Rc8 30. Rc3 Rc4 31. Rxc4 dxc4 32. f5 h6 33. b4 cxb3 34.
Nxb3 a4 35. Qd4 Qb7 36. Nc5 Qh1+ 37. Kb2 Bc6 38. fxe6 fxe6 39. Nxe6 Qxh2 40.
Qd6 Kh7 41. Qc7 1-0

[Event "SV Wattenscheid 1 - SF Gerresheim 1"]
[Site "Oberliga NRW 2018/2019"]
[Date "2019.04.14"]
[Round "8.3"]
[White "Van Lanen, Toon"]
[Black "Franke, Johannes"]
[Result "1/2-1/2"]
[WhiteElo "2141"]
[BlackElo "2274"]
[PlyCount "120"]
[EventDate "2019.??.??"]
[WhiteTeam "SF Gerresheim 1"]
[BlackTeam "SV Wattenscheid 1"]

1. e4 c6 2. d4 d5 3. Nc3 dxe4 4. Nxe4 Nf6 5. Nxf6+ gxf6 6. Bc4 h5 7. Be3 Nd7 8.
Nf3 Nb6 9. Bb3 Rg8 10. Rg1 a5 11. a4 Nd5 12. Qd3 Bg4 13. O-O-O e6 14. h3 Bf5
15. Qe2 Nxe3 16. fxe3 Be4 17. Nd2 Bg6 18. Qf3 Be7 19. g4 h4 20. c3 Rc8 21. Bc2
b5 22. Bxg6 Rxg6 23. Kc2 Qb6 24. Ra1 b4 25. Qe2 Kf8 26. Nc4 Qa6 27. Qd3 c5 28.
Ne5 Qxd3+ 29. Nxd3 cxd4 30. exd4 Rg5 31. Kb3 Rd5 32. Nf4 Rd7 33. Rgd1 Rcd8 34.
Ne2 bxc3 35. bxc3 Rb8+ 36. Kc2 Rc7 37. Rab1 Rbc8 38. Kd3 Rc4 39. Ra1 e5 40.
Rdc1 Bd6 41. Rcb1 R4c6 42. Rb5 exd4 43. cxd4 Bb4 44. Rd1 Re8 45. Rh5 Kg7 46. d5
Rc7 47. Rxh4 Rce7 48. Nd4 Re3+ 49. Kc4 Rc3+ 50. Kb5 Rb8+ 51. Ka6 Bc5 52. Nb5
Rc4 53. Ra1 Bf2 54. Rh5 Ra8+ 55. Kb7 Rcc8 56. Nc7 Rab8+ 57. Kc6 Rd8 58. Nb5
Rdc8+ 59. Nc7 Rd8 60. Nb5 Rdc8+ 1/2-1/2

[Event "SV Wattenscheid 1 - SF Gerresheim 1"]
[Site "Oberliga NRW 2018/2019"]
[Date "2019.04.14"]
[Round "8.4"]
[White "Straeter, Timo"]
[Black "Koehler, Markus"]
[Result "1-0"]
[WhiteElo "2339"]
[BlackElo "2116"]
[PlyCount "77"]
[EventDate "2019.??.??"]
[WhiteTeam "SV Wattenscheid 1"]
[BlackTeam "SF Gerresheim 1"]

1. d4 Nf6 2. Nf3 g6 3. Bg5 Bg7 4. Nbd2 O-O 5. c3 d5 6. e3 Nbd7 7. Be2 c5 8. O-O
Qb6 9. Qb3 c4 10. Qc2 Re8 11. Rfe1 e5 12. h3 e4 13. Nh2 Nf8 14. b3 cxb3 15.
Qxb3 Qa5 16. Nhf1 Be6 17. Rec1 Rac8 18. a4 Re7 19. Bf4 a6 20. Qb2 Rc6 21. Nb3
Qd8 22. Nfd2 Bc8 23. a5 Ne6 24. Bg3 Ne8 25. c4 N6c7 26. cxd5 Rxc1+ 27. Rxc1
Nxd5 28. Rc5 Nb4 29. Qc3 Nd5 30. Rxd5 Qxd5 31. Qxc8 Bh6 32. Nc5 Qa2 33. Bd6
Qxd2 34. Bxe7 Qc1+ 35. Bf1 g5 36. Qxe8+ Kg7 37. Ne6+ Kg6 38. Qg8+ Kf5 39. Qxf7#
1-0

[Event "SV Wattenscheid 1 - SF Gerresheim 1"]
[Site "Oberliga NRW 2018/2019"]
[Date "2019.04.14"]
[Round "8.5"]
[White "Sapkowski, Wieslaw"]
[Black "Wengenroth, Walter"]
[Result "1/2-1/2"]
[WhiteElo "2019"]
[BlackElo "2223"]
[PlyCount "58"]
[EventDate "2019.??.??"]
[WhiteTeam "SF Gerresheim 1"]
[BlackTeam "SV Wattenscheid 1"]

1. e4 c5 2. Nf3 d6 3. d4 cxd4 4. Nxd4 Nf6 5. Nc3 Nc6 6. Be3 Ng4 7. Nxc6 bxc6 8.
Bc1 Qb6 9. Qf3 g6 10. h3 Ne5 11. Qg3 Bg7 12. b3 O-O 13. Bb2 a5 14. f4 Nd7 15.
O-O-O Nc5 16. Bc4 a4 17. Rhe1 Ba6 18. Bxa6 Rxa6 19. Nb1 axb3 20. axb3 Bxb2+ 21.
Kxb2 Qa5 22. Qc3 Qb5 23. Kc1 Ra2 24. Rd4 Rb8 25. f5 Na6 26. Qd3 Qe5 27. Qc3 c5
28. Ra4 Qf4+ 29. Qe3 Qxe3+ 1/2-1/2

[Event "SV Wattenscheid 1 - SF Gerresheim 1"]
[Site "Oberliga NRW 2018/2019"]
[Date "2019.04.14"]
[Round "8.6"]
[White "Sandkamp, Ralph"]
[Black "Yilmaz, Ahmet"]
[Result "1-0"]
[WhiteElo "2178"]
[BlackElo "1844"]
[Annotator "Daniel"]
[PlyCount "77"]
[EventDate "2019.??.??"]
[WhiteTeam "SV Wattenscheid 1"]
[BlackTeam "SF Gerresheim 1"]

1. Nf3 d5 2. g3 c5 3. Bg2 Nc6 4. d4 cxd4 5. Nxd4 e5 6. Nxc6 bxc6 7. O-O Nf6 8.
c4 Be7 9. Nc3 Be6 10. Bg5 e4 11. cxd5 cxd5 12. Qa4+ Qd7 13. Qxd7+ Nxd7 $11 14.
Be3 O-O 15. Rfd1 Nf6 16. Bd4 Rfd8 17. f3 exf3 18. Bxf3 a6 19. Rd2 Rab8 20. Rad1
Kf8 21. b3 Bb4 22. Kg2 Rbc8 23. Rd3 Bxc3 24. Bxc3 d4 25. Bxd4 Nd5 26. e4 Nf6
27. Bc5+ Ke8 28. Rxd8+ Rxd8 29. Bd4 Ng4 30. h3 Nf6 31. Bxf6 gxf6 32. Rxd8+ Kxd8
33. Bg4 Bxg4 34. hxg4 Kd7 35. b4 Kd6 36. Kf3 Ke5 37. Ke3 Kd6 38. Kf4 Ke6 39. a4
1-0

[Event "SV Wattenscheid 1 - SF Gerresheim 1"]
[Site "Oberliga NRW 2018/2019"]
[Date "2019.04.14"]
[Round "8.7"]
[White "Finke, Tobias"]
[Black "Kaehmann, Joerg"]
[Result "1/2-1/2"]
[WhiteElo "1992"]
[BlackElo "2122"]
[Annotator "Daniel"]
[PlyCount "84"]
[EventDate "2019.??.??"]
[WhiteTeam "SF Gerresheim 1"]
[BlackTeam "SV Wattenscheid 1"]

1. Nf3 Nf6 2. c4 d6 3. d4 g6 4. Nc3 Bg7 5. e3 O-O 6. Be2 Nbd7 7. O-O e5 8. Qc2
c6 9. Rd1 Re8 10. dxe5 dxe5 11. b3 Qa5 12. Bd2 Qc7 13. Rac1 Nc5 14. Ng5 a5 15.
e4 h6 16. Be3 Qe7 17. Bxc5 Qxc5 18. Na4 Qb4 19. Nf3 Bg4 20. h3 Bxf3 21. Bxf3
Rad8 22. Nc3 $11 Nd7 23. Rd2 Nc5 24. Rcd1 Rxd2 25. Qxd2 Ne6 26. Ne2 Rd8 27. Qc1
Rxd1+ 28. Qxd1 Nd4 29. Nxd4 exd4 30. Be2 a4 31. Kf1 axb3 32. axb3 Qc3 33. Bd3
Be5 34. g3 Qb2 35. Qc2 Qa1+ 36. Qb1 Qc3 37. Qc2 Qb4 38. Qa2 Kg7 39. Qb2 Qc3 40.
Qxc3 dxc3 41. Bc2 Bd4 42. Ke2 Kf6 1/2-1/2

[Event "SV Wattenscheid 1 - SF Gerresheim 1"]
[Site "Oberliga NRW 2018/2019"]
[Date "2019.04.14"]
[Round "8.8"]
[White "Hirsch, Stefan"]
[Black "Imhoff, Ralf"]
[Result "0-1"]
[WhiteElo "2125"]
[BlackElo "1841"]
[PlyCount "58"]
[EventDate "2019.??.??"]
[WhiteTeam "SV Wattenscheid 1"]
[BlackTeam "SF Gerresheim 1"]

1. e4 e6 2. Qe2 Ne7 3. g3 d5 4. exd5 exd5 5. Bg2 c6 6. Nf3 Bg4 7. O-O Na6 8. d4
Qd7 9. Nbd2 f6 10. Re1 O-O-O 11. Rb1 g5 12. b4 Nc7 13. a4 h5 14. Nb3 Ng6 15.
Nc5 Bxc5 16. bxc5 h4 17. Qd3 Bf5 18. Qb3 Ne6 19. Be3 hxg3 20. hxg3 Qh7 21. Rb2
Be4 22. Kf1 Rd7 23. a5 g4 24. Ng1 Bxg2+ 25. Kxg2 Ng5 26. Kf1 Nf3 27. Ke2 Nxe1
28. Kxe1 Qh1 29. Kf1 Rdh7 0-1

[Event "SC Siegburg 1 - Bahn-SC Wuppertal 1"]
[Site "Oberliga NRW 2018/2019"]
[Date "2019.04.14"]
[Round "8.1"]
[White "Savchenko, Vyacheslav"]
[Black "Jackelen, Thomas"]
[Result "1/2-1/2"]
[WhiteElo "2359"]
[BlackElo "2372"]
[PlyCount "26"]
[EventDate "2019.??.??"]
[WhiteTeam "Bahn-SC Wuppertal 1"]
[BlackTeam "SC Siegburg 1"]

1. e4 e6 2. d4 d5 3. Nd2 a6 4. Ngf3 c5 5. exd5 exd5 6. Be2 c4 7. O-O Bd6 8. Re1
Ne7 9. b3 cxb3 10. axb3 Nbc6 11. c3 O-O 12. Nf1 Nf5 13. Bd3 h6 1/2-1/2

[Event "SC Siegburg 1 - Bahn-SC Wuppertal 1"]
[Site "Oberliga NRW 2018/2019"]
[Date "2019.04.14"]
[Round "8.2"]
[White "Schmidt, Bodo"]
[Black "Savchenko, Aleksij"]
[Result "1/2-1/2"]
[WhiteElo "2289"]
[BlackElo "2289"]
[PlyCount "24"]
[EventDate "2019.??.??"]
[WhiteTeam "SC Siegburg 1"]
[BlackTeam "Bahn-SC Wuppertal 1"]

1. d4 d5 2. c4 dxc4 3. Nf3 Nf6 4. e3 e6 5. Bxc4 a6 6. O-O c5 7. b3 Nc6 8. Bb2
cxd4 9. Nxd4 Bd7 10. Nd2 Be7 11. N2f3 O-O 12. Rc1 Rc8 1/2-1/2

[Event "SC Siegburg 1 - Bahn-SC Wuppertal 1"]
[Site "Oberliga NRW 2018/2019"]
[Date "2019.04.14"]
[Round "8.3"]
[White "Bashilin, Roman"]
[Black "Kolkin, Michail"]
[Result "1/2-1/2"]
[WhiteElo "2218"]
[BlackElo "2324"]
[PlyCount "35"]
[EventDate "2019.??.??"]
[WhiteTeam "Bahn-SC Wuppertal 1"]
[BlackTeam "SC Siegburg 1"]

1. d4 d5 2. Nf3 Bf5 3. c3 e6 4. Bf4 Bd6 5. Bxd6 Qxd6 6. e3 Nf6 7. Bd3 Bxd3 8.
Qxd3 Qa6 9. Qxa6 Nxa6 10. Nbd2 Ke7 11. Ne5 Nd7 12. Nxd7 Kxd7 13. O-O c5 14.
Rfd1 cxd4 15. exd4 Nb8 16. Nf3 Nc6 17. Ne5+ Nxe5 18. dxe5 1/2-1/2

[Event "SC Siegburg 1 - Bahn-SC Wuppertal 1"]
[Site "Oberliga NRW 2018/2019"]
[Date "2019.04.14"]
[Round "8.4"]
[White "Klein, Manfred"]
[Black "Ries, Benjamin"]
[Result "1/2-1/2"]
[WhiteElo "1942"]
[BlackElo "2264"]
[PlyCount "26"]
[EventDate "2019.??.??"]
[WhiteTeam "SC Siegburg 1"]
[BlackTeam "Bahn-SC Wuppertal 1"]

1. e4 c6 2. d4 d5 3. Nd2 dxe4 4. Nxe4 Nd7 5. Ng5 Ngf6 6. Bd3 e6 7. N1f3 Bd6 8.
Qe2 h6 9. Ne4 Nxe4 10. Qxe4 Nf6 11. Qe2 b6 12. O-O O-O 13. Bd2 c5 1/2-1/2

[Event "SC Siegburg 1 - Bahn-SC Wuppertal 1"]
[Site "Oberliga NRW 2018/2019"]
[Date "2019.04.14"]
[Round "8.5"]
[White "Khanukov, Boris"]
[Black "Brenner, Ulrich"]
[Result "1/2-1/2"]
[WhiteElo "2171"]
[BlackElo "1777"]
[PlyCount "24"]
[EventDate "2019.??.??"]
[WhiteTeam "Bahn-SC Wuppertal 1"]
[BlackTeam "SC Siegburg 1"]

1. d4 Nf6 2. Nf3 e6 3. c4 Bb4+ 4. Bd2 Qe7 5. Nc3 O-O 6. e3 Qd8 7. Bd3 d5 8.
cxd5 Nxd5 9. Nxd5 Bxd2+ 10. Qxd2 exd5 11. O-O Nd7 12. Qc2 h6 1/2-1/2

[Event "SC Siegburg 1 - Bahn-SC Wuppertal 1"]
[Site "Oberliga NRW 2018/2019"]
[Date "2019.04.14"]
[Round "8.7"]
[White "Tueckmantel, Rene"]
[Black "Trube, Dieter"]
[Result "1/2-1/2"]
[WhiteElo "2118"]
[BlackElo "1647"]
[PlyCount "32"]
[EventDate "2019.??.??"]
[WhiteTeam "Bahn-SC Wuppertal 1"]
[BlackTeam "SC Siegburg 1"]

1. c4 e5 2. g3 c6 3. Nf3 e4 4. Nd4 Nf6 5. Bg2 d5 6. cxd5 cxd5 7. Nc3 Nc6 8. Nc2
Be7 9. O-O O-O 10. d3 Bf5 11. Bg5 Re8 12. Ne3 Be6 13. Nc2 Bf5 14. Ne3 Be6 15.
Nc2 Bf5 16. Ne3 Be6 1/2-1/2

[Event "SC Siegburg 1 - Bahn-SC Wuppertal 1"]
[Site "Oberliga NRW 2018/2019"]
[Date "2019.04.14"]
[Round "8.8"]
[White "Benesch, Herbert"]
[Black "Patscha, Elias"]
[Result "1/2-1/2"]
[WhiteElo "1596"]
[BlackElo "1987"]
[PlyCount "27"]
[EventDate "2019.??.??"]
[WhiteTeam "SC Siegburg 1"]
[BlackTeam "Bahn-SC Wuppertal 1"]

1. c4 Nf6 2. Nc3 g6 3. g3 Bg7 4. Bg2 O-O 5. e3 c6 6. Nge2 d5 7. cxd5 cxd5 8. d4
Nc6 9. O-O a6 10. a3 b5 11. b4 Bb7 12. Bb2 e6 13. Qd2 Ne8 14. Nf4 1/2-1/2

[Event "Klub Kölner SF 1 - SV Dinslaken 1"]
[Site "Oberliga NRW 2018/2019"]
[Date "2019.04.14"]
[Round "8.1"]
[White "Tereick, Benjamin"]
[Black "Strohhaeker, Raoul"]
[Result "1-0"]
[WhiteElo "2364"]
[BlackElo "2416"]
[PlyCount "67"]
[EventDate "2019.??.??"]
[WhiteTeam "SV Dinslaken 1"]
[BlackTeam "Klub Kölner SF 1"]

1. Nf3 d5 2. g3 c6 3. Bg2 Bg4 4. c4 e6 5. O-O Nd7 6. d4 Bd6 7. Qb3 Qb6 8. Nc3
Ngf6 9. c5 Qxb3 10. axb3 Bc7 11. b4 Ne4 12. Re1 Nxc3 13. bxc3 Bxf3 14. Bxf3 O-O
15. e4 a6 16. exd5 exd5 17. Re7 Rad8 18. b5 Rfe8 19. Rxe8+ Rxe8 20. bxc6 Re1+
21. Kg2 bxc6 22. Rxa6 Rxc1 23. Ra7 Kf8 24. Rxc7 Nf6 25. Rxc6 Rxc3 26. g4 h6 27.
h4 Rc4 28. Rc8+ Ke7 29. Rc7+ Ke8 30. g5 hxg5 31. hxg5 Nd7 32. Be2 Rb4 33. c6
Nb6 34. Rb7 1-0

[Event "Klub Kölner SF 1 - SV Dinslaken 1"]
[Site "Oberliga NRW 2018/2019"]
[Date "2019.04.14"]
[Round "8.2"]
[White "Morawietz, Dieter"]
[Black "Sielecki, Christof"]
[Result "0-1"]
[WhiteElo "2370"]
[BlackElo "2378"]
[PlyCount "78"]
[EventDate "2019.??.??"]
[WhiteTeam "Klub Kölner SF 1"]
[BlackTeam "SV Dinslaken 1"]

1. d4 d5 2. c4 e6 3. Nc3 a6 4. cxd5 exd5 5. Nf3 Nf6 6. Bg5 Be6 7. e3 Nbd7 8.
Bd3 Bd6 9. O-O O-O 10. Qc2 h6 11. Bf4 Qe7 12. h3 c6 13. Bxd6 Qxd6 14. Na4 Rae8
15. Nd2 Nh5 16. f4 Bxh3 17. gxh3 Rxe3 18. Rf3 Rfe8 19. Raf1 Rxf3 20. Nxf3 Nxf4
21. Nc3 Nxd3 22. Qxd3 Qg3+ 23. Kh1 Qxh3+ 24. Kg1 Re6 25. Ne2 Nf6 26. Rf2 Ne4
27. Rg2 Rf6 28. Ne5 Qh4 29. Ng4 Qe1+ 30. Kh2 Rf1 31. Ng1 Ng5 32. Qg3 Nf3+ 33.
Kh3 Qxg3+ 34. Rxg3 Nxg1+ 35. Kg2 Ne2 36. Nxh6+ Kf8 37. Re3 Rg1+ 38. Kf2 gxh6
39. Rxe2 Rg4 0-1

[Event "Klub Kölner SF 1 - SV Dinslaken 1"]
[Site "Oberliga NRW 2018/2019"]
[Date "2019.04.14"]
[Round "8.3"]
[White "Strijbos, Maarten"]
[Black "Helbig, Mark"]
[Result "0-1"]
[WhiteElo "2329"]
[BlackElo "2336"]
[PlyCount "108"]
[EventDate "2019.??.??"]
[WhiteTeam "SV Dinslaken 1"]
[BlackTeam "Klub Kölner SF 1"]

1. e4 c6 2. Nc3 d5 3. Nf3 dxe4 4. Nxe4 Bf5 5. Ng3 Bg4 6. h3 Bxf3 7. Qxf3 Nd7 8.
d4 Ngf6 9. Bd3 e6 10. O-O Be7 11. b3 O-O 12. Bb2 Re8 13. Rfe1 Qc7 14. a3 Nf8
15. c4 Rad8 16. Rad1 Rd7 17. h4 Red8 18. h5 h6 19. Ne2 Qa5 20. Nf4 Bd6 21. d5
e5 22. b4 Qa4 23. dxc6 Qxc6 24. Nd5 Nxd5 25. cxd5 Qc7 26. Rc1 Qb6 27. Qe4 a5
28. b5 Bc5 29. Qf3 Bd4 30. Bxd4 exd4 31. Re5 Qd6 32. Rce1 Qc5 33. g4 b6 34. a4
Qb4 35. Qf5 Rxd5 36. Kg2 Qxe1 37. Rxd5 Qe7 38. Re5 Qf6 39. Qe4 g6 40. f4 Ne6
41. Kg3 Nc5 42. Qe2 g5 43. fxg5 Qd6 44. Kh4 Nxd3 45. Rf5 Nf4 46. Qd2 hxg5+ 47.
Rxg5+ Kf8 48. Rf5 Qe7+ 49. Kg3 Ne6 50. g5 Qa3+ 51. Rf3 Qd6+ 52. Kg4 Qb4 53. Qd3
Qc5 54. Rf5 Rd5 0-1

[Event "Klub Kölner SF 1 - SV Dinslaken 1"]
[Site "Oberliga NRW 2018/2019"]
[Date "2019.04.14"]
[Round "8.4"]
[White "Bayer, Ernst-Wolfgang"]
[Black "Welzel, Philipp"]
[Result "1/2-1/2"]
[WhiteElo "2222"]
[BlackElo "2215"]
[PlyCount "36"]
[EventDate "2019.??.??"]
[WhiteTeam "Klub Kölner SF 1"]
[BlackTeam "SV Dinslaken 1"]

1. Nf3 d5 2. d4 Nf6 3. c4 e6 4. Nc3 Be7 5. Bg5 Nbd7 6. e3 h6 7. Bh4 O-O 8. Rc1
c5 9. cxd5 Nxd5 10. Bxe7 Nxe7 11. Be2 cxd4 12. Qxd4 Nc6 13. Qd2 Nf6 14. O-O Qe7
15. Rfd1 Rd8 16. Qc2 Bd7 17. a3 Rac8 18. Qb3 Be8 1/2-1/2

[Event "Klub Kölner SF 1 - SV Dinslaken 1"]
[Site "Oberliga NRW 2018/2019"]
[Date "2019.04.14"]
[Round "8.5"]
[White "Mundorf, Johannes"]
[Black "Bonnmann, Reinhard"]
[Result "1/2-1/2"]
[WhiteElo "2169"]
[BlackElo "2192"]
[PlyCount "56"]
[EventDate "2019.??.??"]
[WhiteTeam "SV Dinslaken 1"]
[BlackTeam "Klub Kölner SF 1"]

1. Nf3 g6 2. c4 Bg7 3. Nc3 Nf6 4. e4 O-O 5. e5 Ne8 6. d4 d6 7. exd6 Nxd6 8. Be2
Bg4 9. O-O Nc6 10. d5 Bxf3 11. Bxf3 Nd4 12. b3 e5 13. Bb2 f5 14. c5 Nf7 15. Be2
b6 16. Nb5 bxc5 17. Ba3 Nxe2+ 18. Qxe2 a6 19. Nc3 e4 20. Rac1 Ne5 21. Bxc5 Re8
22. Rc2 Nd3 23. Be3 Kh8 24. Rd1 Be5 25. f3 Nb4 26. Rcc1 Nd3 27. Rc2 Nb4 28.
Rcc1 Nd3 1/2-1/2